ARRUPE JESUIT UNIVERSITY

CORONAVIRUS -STOP THE SPREAD - CLEAN,DISINFECT,COVER

Albert Einstein, creator and rebel (Record no. 122681)

MARC details
000 -LEADER
fixed length control field 00824mam a2200277 4500
001 - CONTROL NUMBER
control field 2258044
003 - CONTROL NUMBER IDENTIFIER
control field ARRUPE
005 - DATE AND TIME OF LATEST TRANSACTION
control field 20150416141430.0
008 - FIXED-LENGTH DATA ELEMENTS--GENERAL INFORMATION
fixed length control field 721031s1972 nyua 001 0beng
010 ## - LIBRARY OF CONGRESS CONTROL NUMBER
LC control number 70186740
020 ## - INTERNATIONAL STANDARD BOOK NUMBER
International Standard Book Number 0670111813
Terms of availability $8.95
035 ## - SYSTEM CONTROL NUMBER
System control number (OCoLC)507877
035 ## - SYSTEM CONTROL NUMBER
System control number (OCoLC)ocm00507877
035 ## - SYSTEM CONTROL NUMBER
System control number (NNC)2258044
040 ## - CATALOGING SOURCE
Transcribing agency Arrupe
050 0# - LIBRARY OF CONGRESS CALL NUMBER
Classification number QC16.E5
Item number H64 1972
082 00 - DEWEY DECIMAL CLASSIFICATION NUMBER
Classification number 530/.092/4
-- B
300 ## - PHYSICAL DESCRIPTION
Other physical details illus.
Dimensions 25 cm.
100 1# - MAIN ENTRY--PERSONAL NAME
Personal name Hoffmann, Banesh,
Dates associated with a name 1906-
9 (RLIN) 17129
245 00 - TITLE STATEMENT
Title Albert Einstein, creator and rebel
Statement of responsibility, etc [by] Banesh Hoffmann with the collaboration of Helen Dukas.
260 ## - PUBLICATION, DISTRIBUTION, ETC. (IMPRINT)
Place of publication, distribution, etc New York,
Name of publisher, distributor, etc Viking Press
Date of publication, distribution, etc [1972]
300 ## - PHYSICAL DESCRIPTION
Extent xv, 272 p.
600 10 - SUBJECT ADDED ENTRY--PERSONAL NAME
Personal name Einstein, Albert,
Dates associated with a name 1879-1955.
9 (RLIN) 14165
700 1# - ADDED ENTRY--PERSONAL NAME
Personal name Dukas, Helen,
Relator term author.
9 (RLIN) 17128
942 ## - ADDED ENTRY ELEMENTS (KOHA)
Source of classification or shelving scheme Library of Congress Classification
Koha item type Monograph ( Printed materials)
Holdings
Withdrawn status Lost status Source of classification or shelving scheme Damaged status Not for loan Collection code Home library Current library Shelving location Date acquired Total Checkouts Full call number Barcode Date last seen Date checked out Price effective from Koha item type
    Library of Congress Classification     Main Collection ARRUPE LIBRARY ARRUPE LIBRARY Main Collection 16/04/2015 1 QC16.E5 H64 1972 46500002436 06/10/2025 19/09/2025 16/04/2015 Monograph ( Printed materials)

 

Arrupe Library. PO Box MP320 Mt Pleasant, Harare, Zimbabwe
263 242 745411|librarian@aju.ac.zw